The Magnificent Seven (Record no. 15641)
[ view plain ]
| 000 -LEADER | |
|---|---|
| fixed length control field | 02650ngm a22004817a 4500 |
| 005 - DATE AND TIME OF LATEST TRANSACTION | |
| control field | 20171010140259.0 |
| 008 - FIXED-LENGTH DATA ELEMENTS--GENERAL INFORMATION | |
| fixed length control field | 110620s2007 cau|||||s|||| 000 0 eng d |
| 020 ## - INTERNATIONAL STANDARD BOOK NUMBER | |
| International Standard Book Number | 1404915478 |
| 020 ## - INTERNATIONAL STANDARD BOOK NUMBER | |
| International Standard Book Number | 9781404915473 |
| 082 ## - DEWEY DECIMAL CLASSIFICATION NUMBER | |
| Edition number | 22 |
| Classification number | 791.4372 |
| Item number | MAG |
| 245 04 - TITLE STATEMENT | |
| Title | The Magnificent Seven |
| Medium | [videorecording] / |
| Statement of responsibility, etc | Mirisch Company ; screenplay by William Roberts ; produced and directed by John Sturges. |
| 250 ## - EDITION STATEMENT | |
| Edition statement | Special ed. |
| 260 ## - PUBLICATION, DISTRIBUTION, ETC. (IMPRINT) | |
| Place of publication, distribution, etc | Santa Monica, CA : |
| Name of publisher, distributor, etc | MGM Home Entertainment, 2007 |
| Date of publication, distribution, etc | 2007 |
| 300 ## - PHYSICAL DESCRIPTION | |
| Extent | 1 videodisc (128 min.) : |
| Other physical details | sd., col. ; |
| Dimensions | 4 3/4 in. |
| 500 ## - GENERAL NOTE | |
| General note | Based on the Japanese film "Seven Samurai" (= Shichinin no samurai). |
| 500 ## - GENERAL NOTE | |
| General note | Originally released as a motion picture in 1960 |
| 500 ## - GENERAL NOTE | |
| General note | Special features: Documentary ; Audio Commentary by Eli Wallach, James Coburn, Walter Mirisch and More ; Photo Gallery ; Collectible Booklet ; Original Theatrical Trailers. |
| 508 ## - CREATION/PRODUCTION CREDITS NOTE | |
| Creation/production credits note | Director of photography, Charles Lang ; film editor, Ferris Webster ;music, Elmer Bernstein |
| 511 ## - PARTICIPANT OR PERFORMER NOTE | |
| Participant or performer note | Yul Brynner, Eli Wallach, Steve McQueen, Charles Bronson, Robert Vaughn, Brad Dexter, James Coburn, Horst Buchholz |
| 520 ## - SUMMARY, ETC. | |
| Summary, etc | The citizens of a small Mexican farming village hire seven gun fighters to defend them from a ruthless and exploitative group of bandits led by Calvera. As Calvera's next raid approaches, the peasants and the gun fighters work together to prepare to defend the village. |
| 521 ## - TARGET AUDIENCE NOTE | |
| Target audience note | MPAA Rating: Not rated; Canadian Home Video Rating: PG |
| 538 ## - SYSTEM DETAILS NOTE | |
| System details note | DVD; Region 1, NTSC; Dolby digital mono.; widescreen format, preserving the 2.35:1 aspect ratio of the original theatrical exhibition, enhanced for 16:9 televisions. |
| 546 ## - LANGUAGE NOTE | |
| Language note | English, dubbed French or dubbed Spanish dialogue, English, French or Spanish subtitles; closed-captioned. |
| 650 ## - SUBJECT ADDED ENTRY--TOPICAL TERM | |
| 9 (RLIN) | 25580 |
| Topical term or geographic name as entry element | Vigilantes |
| Form subdivision | Drama |
| 653 ## - INDEX TERM--UNCONTROLLED | |
| Arrived date list | June2011 |
| -- | June2011 |
| 655 ## - INDEX TERM--GENRE/FORM | |
| Genre/form data or focus term | Feature films |
| 655 ## - INDEX TERM--GENRE/FORM | |
| Genre/form data or focus term | Western films |
| 700 ## - ADDED ENTRY--PERSONAL NAME | |
| 9 (RLIN) | 25581 |
| Personal name | Brynner, Yul |
| Relator term | act |
| 700 ## - ADDED ENTRY--PERSONAL NAME | |
| 9 (RLIN) | 25582 |
| Personal name | Wallach, Eli |
| Dates associated with a name | 1915- |
| Relator term | act |
| 700 ## - ADDED ENTRY--PERSONAL NAME | |
| 9 (RLIN) | 25583 |
| Personal name | McQueen, Steve |
| Dates associated with a name | 1930-1980 |
| Relator term | act |
| 700 ## - ADDED ENTRY--PERSONAL NAME | |
| 9 (RLIN) | 25584 |
| Personal name | Bronson, Charles |
| Dates associated with a name | 1920-2003 |
| Relator term | act |
| 700 ## - ADDED ENTRY--PERSONAL NAME | |
| 9 (RLIN) | 25585 |
| Personal name | Vaughn, Robert |
| Dates associated with a name | 1932- |
| Relator term | act |
| 700 ## - ADDED ENTRY--PERSONAL NAME | |
| 9 (RLIN) | 25586 |
| Personal name | Dexter, Brad |
| Dates associated with a name | 1917-2002 |
| Relator term | act |
| 700 ## - ADDED ENTRY--PERSONAL NAME | |
| 9 (RLIN) | 25587 |
| Personal name | Coburn, James |
| Relator term | act |
| 700 ## - ADDED ENTRY--PERSONAL NAME | |
| 9 (RLIN) | 25588 |
| Personal name | Buchholz, Horst |
| Dates associated with a name | 1933-2003 |
| Relator term | act |
| 700 ## - ADDED ENTRY--PERSONAL NAME | |
| 9 (RLIN) | 25590 |
| Personal name | Roberts, William S. |
| Relator term | aus |
| 700 ## - ADDED ENTRY--PERSONAL NAME | |
| 9 (RLIN) | 25591 |
| Personal name | Bernstein, Elmer |
| Relator term | cmp |
| 700 ## - ADDED ENTRY--PERSONAL NAME | |
| 9 (RLIN) | 25592 |
| Personal name | Sturges, John |
| Dates associated with a name | 1910-1992. |
| Relator term | pro |
| -- | drt |
| 710 ## - ADDED ENTRY--CORPORATE NAME | |
| 9 (RLIN) | 25081 |
| Corporate name or jurisdiction name as entry element | Metro-Goldwyn-Mayer |
| 710 ## - ADDED ENTRY--CORPORATE NAME | |
| 9 (RLIN) | 25589 |
| Corporate name or jurisdiction name as entry element | Mirisch Company |
| 710 ## - ADDED ENTRY--CORPORATE NAME | |
| 9 (RLIN) | 25251 |
| Corporate name or jurisdiction name as entry element | MGM Home Entertainment Inc. |
| 942 ## - ADDED ENTRY ELEMENTS (KOHA) | |
| Source of classification or shelving scheme | Dewey Decimal Classification |
| Item type | CD | DVD - Movie (NB) |
| Withdrawn status | Lost status | Source of classification or shelving scheme | Damaged status | Not for loan | Koha collection | Location (home branch) | Sublocation or collection (holding branch) | Shelving location | Date acquired | Cost, normal purchase price | Invoice Number | Koha issues (times borrowed) | Koha full call number | Piece designation (barcode) | Koha date last seen | Price effective from | Koha item type |
|---|---|---|---|---|---|---|---|---|---|---|---|---|---|---|---|---|---|
| Dewey Decimal Classification | Baccah | Central Library | Central Library | Second Floor | 20/06/2011 | 144.00 | 12512 | 791.4372 MAG | 000024268 | 24/08/2022 | 20/06/2011 | CD | DVD - Movie (NB) |